[Event "XXVI Miedzynarodowy Turniej im. Tadeusza"]
[Site "Police"]
[Date "2011.??.??"]
[Round "8.15"]
[White "Maniocha, Andrzej"]
[Black "Aglave, Arnaud"]
[Result "0-1"]
[WhiteElo "2191"]
[BlackElo "2081"]
[PlyCount "116"]
[EventDate "2011.??.??"]

1. e4 Nf6 2. e5 Nd5 3. d4 d6 4. Nf3 dxe5 5. Nxe5 c6 6. Bd3 Nd7 7. O-O Nxe5 8.
dxe5 g6 9. Nd2 Bg7 10. Re1 O-O 11. h3 Nb4 12. Bc4 Bf5 13. Bb3 a5 14. a3 a4 15.
axb4 axb3 16. Rxa8 Qxa8 17. Nxb3 Rd8 18. Qe2 Rd5 19. f4 g5 20. g4 gxf4 21. gxf5
Rxe5 22. Qf2 Rxf5 23. Rxe7 Bf6 24. Re4 Qd8 25. Kh2 Bh4 26. Qd4 Rd5 27. Qc3 Bg3+
28. Kg2 f5 29. Rd4 Qg5 30. Qf3 Re5 31. Bd2 Re6 32. Nc5 Rg6 33. Qb3+ Kf8 34. Kf1
Bh2 35. Ne6+ Rxe6 36. Qxe6 Qg1+ 37. Ke2 Qxd4 38. Qc8+ Kf7 39. Qxf5+ Qf6 40.
Qxh7+ Ke6 41. Qe4+ Kd7 42. Bc3 Qf7 43. Be1 Qh5+ 44. Qf3 Qe5+ 45. Kd1 Bg3 46.
Bc3 Qd6+ 47. Ke2 Qe6+ 48. Kf1 Qxh3+ 49. Qg2 Qg4 50. Be1 Kc8 51. b5 cxb5 52. c3
Qd1 53. Qe2 Qxe1+ 54. Qxe1 Bxe1 55. Kxe1 Kd7 56. Kf2 Ke6 57. Ke2 Kd5 58. Kd3
Kc5 0-1

[Event "XXVI Miedzynarodowy Turniej im. Tadeusza"]
[Site "Police"]
[Date "2011.??.??"]
[Round "8.16"]
[White "Dogoda, Rafal"]
[Black "Graf, Pawel"]
[Result "1-0"]
[WhiteElo "1870"]
[BlackElo "2141"]
[PlyCount "135"]
[EventDate "2011.??.??"]

1. d4 c5 2. d5 e5 3. e4 d6 4. c4 Be7 5. Bd3 Bg5 6. Nf3 Bxc1 7. Qxc1 Nf6 8. Nc3
O-O 9. O-O Nbd7 10. a3 Ne8 11. Re1 f6 12. Nh4 g6 13. Qh6 Qe7 14. Nd1 Qg7 15.
Qxg7+ Nxg7 16. Ne3 Nb6 17. g4 Kf7 18. Nhg2 g5 19. b4 Nd7 20. f3 cxb4 21. axb4
a5 22. Rec1 b6 23. c5 dxc5 24. bxa5 bxa5 25. Bb5 Ra7 26. Nc4 Ne8 27. Nge3 Nb8
28. Rxa5 Rxa5 29. Nxa5 Nd6 30. Rxc5 Nd7 31. Rxc8 Nxb5 32. Rxf8+ Kxf8 33. Nf5
Kf7 34. Nc4 Kf8 35. Kf2 Kg8 36. Ke3 Kf8 37. h4 gxh4 38. Nxh4 Nc7 39. f4 Nb5 40.
fxe5 fxe5 41. Nf3 h6 42. Nfxe5 Nf6 43. Kf4 Nd4 44. Ne3 Ng8 45. Nc6 Ne2+ 46. Ke5
Ke8 47. Nf5 Kd7 48. Nb4 Ng1 49. Nd3 Nh3 50. Nc5+ Ke8 51. Ng7+ Kf7 52. Nf5 Ke8
53. Ne6 Nf2 54. Ne3 Kf7 55. Nd8+ Ke7 56. Nb7 Kf7 57. Nd6+ Ke7 58. Ndf5+ Kf7 59.
Kd4 Nf6 60. Nxh6+ Kg6 61. e5 Nxd5 62. Kxd5 Kxh6 63. e6 Kg7 64. Ke5 Kf8 65. g5
Nd3+ 66. Kd6 Nf4 67. Nf5 Ng6 68. e7+ 1-0

[Event "XXVI Miedzynarodowy Turniej im. Tadeusza"]
[Site "Police"]
[Date "2011.??.??"]
[Round "8.17"]
[White "Zschaebitz, Klaus"]
[Black "Radwan, Leszek"]
[Result "1-0"]
[WhiteElo "2088"]
[BlackElo "2126"]
[PlyCount "91"]
[EventDate "2011.??.??"]

1. d4 Nf6 2. c4 g6 3. Nc3 Bg7 4. Nf3 O-O 5. g3 d6 6. Bg2 Nbd7 7. O-O c6 8. h3
Qc7 9. e4 e5 10. Be3 Re8 11. d5 c5 12. a3 a6 13. Nd2 Rb8 14. Qe2 Nf8 15. b4 b6
16. Rab1 Bd7 17. Rb2 Rb7 18. Kh2 Bc8 19. Rfb1 N6d7 20. g4 h6 21. Qd3 g5 22. Nf1
Ng6 23. Ng3 Nf4 24. Qf1 cxb4 25. axb4 b5 26. cxb5 Qxc3 27. bxa6 Rb8 28. a7 Ra8
29. Qb5 Nxg2 30. Kxg2 Qc7 31. Rc1 Qb7 32. Qxb7 Bxb7 33. Rc7 Bc8 34. b5 Bf6 35.
b6 Nxb6 36. Rxb6 Bd8 37. Rxc8 Rxc8 38. Rb8 Be7 39. a8=Q Rxb8 40. Qa7 Ra8 41.
Qd7 Rad8 42. Qf5 Bf8 43. Nh5 Bg7 44. Bb6 Rc8 45. Nf6+ Bxf6 46. Qxf6 1-0